Child development / (Record no. 195283)

MARC details
000 -LEADER
fixed length control field 00921nam a2200277 i 4500
003 - CONTROL NUMBER IDENTIFIER
control field OSt
005 - DATE AND TIME OF LATEST TRANSACTION
control field 20240317124058.0
008 - FIXED-LENGTH DATA ELEMENTS--GENERAL INFORMATION
fixed length control field 240305t20222022nyuaco gr 001 0 eng d
020 ## - INTERNATIONAL STANDARD BOOK NUMBER
International Standard Book Number 9781984659224
Qualifying information paperback
Terms of availability RM 450.30
040 ## - CATALOGING SOURCE
Original cataloging agency PPAK
Language of cataloging eng
Transcribing agency PPAK
Modifying agency rda
082 04 - DEWEY DECIMAL CLASSIFICATION NUMBER
Classification number 305.231
Edition number 23
090 00 - LOCALLY ASSIGNED LC-TYPE CALL NUMBER (OCLC); LOCAL CALL NUMBER (RLIN)
Classification number (OCLC) (R) ; Classification number, CALL (RLIN) (NR) 305.231
Feature heading THR
Feature heading R
110 0# - MAIN ENTRY--CORPORATE NAME
Corporate name or jurisdiction name as entry element 3G E-learning LLC, USA
Relator term author
-- editor.
245 10 - TITLE STATEMENT
Title Child development /
Statement of responsibility, etc. Authored and Edited by 3G E-learning LLC.
250 ## - EDITION STATEMENT
Edition statement 2nd Edition.
264 #1 - PRODUCTION, PUBLICATION, DISTRIBUTION, MANUFACTURE, AND COPYRIGHT NOTICE
Place of production, publication, distribution, manufacture New York, NY :
Name of producer, publisher, distributor, manufacturer 3G E-learning LLC,
Date of production, publication, distribution, manufacture, or copyright notice 2022
Date of production, publication, distribution, manufacture, or copyright notice ©2022
300 ## - PHYSICAL DESCRIPTION
Extent 461 pages :
Other physical details illustrations, potraits, colour photographs ;
Dimensions 24 cm
336 ## - CONTENT TYPE
Content type term text
Source rdacontent
Content type term still image
Source rdacontent
337 ## - MEDIA TYPE
Media type term unmediated
Source rdamedia
338 ## - CARRIER TYPE
Carrier type term volume
Source rdacarrier
504 ## - BIBLIOGRAPHY, ETC. NOTE
Bibliography, etc. note Includes bibliographical reference and index.
650 10 - SUBJECT ADDED ENTRY--TOPICAL TERM
Topical term or geographic name entry element Child development
942 ## - ADDED ENTRY ELEMENTS (KOHA)
Source of classification or shelving scheme Dewey Decimal Classification
Koha item type Book
Holdings
Withdrawn Not for loan Current library Shelving location Date acquired Total Checkouts Full call number Barcode Date last seen Koha item type
  Not For Loan Perpustakaan Alor Setar Rujukan Dewasa 20/03/2024   R 305.231 THR A01818544 20/03/2024 Book
  Not For Loan Perpustakaan Merbok Rujukan Dewasa 20/03/2024   R 305.231 THR A01818545 20/03/2024 Book